| 000 | 01509nam a2200229Ia 4500 | ||
|---|---|---|---|
| 003 | CO-CtgCURN | ||
| 005 | 20250409210216.0 | ||
| 008 | 190724s9999 xx 000 0 und d | ||
| 020 | _a967469651 | ||
| 040 |
_aCO-CtgCURN _bspa _ccoctgcurn |
||
| 082 |
_a372 _bD928 |
||
| 110 | _aDuo Process of Law Foundation | ||
| 245 | 0 |
_aEl derecho a la educación de niños y niñas en situacion de desplazamiento y de extrema pobreza en Colombia / _cDuo Process of Law Foundation |
|
| 260 |
_aBogotá, Colombia : _bDireccion Grafica, _c2005 |
||
| 300 |
_a279 páginas ; _c22 centímetros |
||
| 505 | _aPropuesta para la exigibilidad y la gratuidad de la educación en Colombia -- Evaluacion del impacto de la revolucion educativa en la gratuidad de la enseñanza -- Iniciativas para incidir en las políticas públicas vinculadas a mejorar el acceso, permanencia y contenido de la educación -- Propuestas para realizar un diagnostico de la situacion de desplazamiento y de extrema pobreza en Colombia: lo que ya existe, los obstaculos, y propuestas para superarlos -- El rol del sistema judicial colombiano en el ejerccio del derecho a la educación: experiencia, critica y propuesta -- El rol del Sistema Internacional de Derechos Humanos en la protección del derecho a la educación | ||
| 521 | _aAREA SOCIOHUMANISTICA | ||
| 590 | _aTodos los programas académicos | ||
| 650 |
_aeducación _zColombia |
||
| 942 |
_cBK _h372 _iD928 |
||
| 999 |
_c29974 _d29974 |
||